[Event "18 th Iranian Men Chess Championship"]
[Site "?"]
[Date "2008.02.25"]
[Round "4"]
[White "Salehian, Sina"]
[Black "Doostkam, Pooyan"]
[Result "1/2-1/2"]
[WhiteElo "2101"]
[BlackElo "2241"]
[PlyCount "51"]
[EventDate "2008.??.??"]

1. e4 e6 2. d4 d5 3. Nc3 Nf6 4. Bg5 Bb4 5. exd5 Qxd5 6. Bxf6 Bxc3+ 7. bxc3 gxf6
8. Qg4 Qa5 9. Ne2 Ke7 10. Qf4 c5 11. O-O-O Rd8 12. Kb2 Nc6 13. Qe3 Rd6 14. Nc1
cxd4 15. cxd4 Nb4 16. Bc4 b5 17. Bb3 Bb7 18. f3 Rc8 19. Qd2 Ra6 20. Nd3 Qa3+
21. Kb1 Nxa2 22. Nc5 b4 23. c4 Nc3+ 24. Kc2 Nxd1 25. Rxd1 Rb6 26. Rb1 1/2-1/2

[Event "18 th Iranian Men Chess Championship"]
[Site "?"]
[Date "2008.02.25"]
[Round "4"]
[White "Mousavian, S.Hamed"]
[Black "Vaghar, Mohsen"]
[Result "1/2-1/2"]
[WhiteElo "2349"]
[BlackElo "2227"]
[PlyCount "170"]
[EventDate "2008.??.??"]

1. e4 c6 2. d4 d5 3. exd5 cxd5 4. c4 Nc6 5. Nc3 e6 6. Nf3 dxc4 7. Bxc4 Nf6 8.
O-O Be7 9. a3 O-O 10. Qd3 b6 11. Bg5 Bb7 12. Rad1 h6 13. Bf4 Bd6 14. Qd2 Bxf4
15. Qxf4 Ne7 16. Ne5 Ned5 17. Qh4 Nxc3 18. bxc3 Ne4 19. Qh3 Qd6 20. Rd3 Rac8
21. f4 b5 22. Bxb5 Qxa3 23. c4 Qb2 24. Bd7 Rc7 25. Qe3 Rd8 26. d5 Nc5 27. Rd2
Qb6 28. Bc6 f6 29. Bxb7 fxe5 30. Bc6 exf4 31. Qf2 Rxc6 32. Rb2 Qa6 33. dxc6 Nd3
34. Qd2 Qxc6 35. Kh1 e5 36. Qa5 Rd7 37. Rb8+ Kh7 38. Qa2 e4 39. c5 Qd5 40. Qe2
e3 41. h3 Qxc5 42. Kg1 Nf2 43. Rb2 a5 44. Rb5 Qc3 45. Qa2 Rd6 46. Rb8 Qe5 47.
Qg8+ Kg6 48. Re8 Qd5 49. Qh8 Qg5 50. Rg8 Rd7 51. Ra8 Nxh3+ 52. Kh1 Nf2+ 53. Kg1
Qh4 54. Qe8+ Rf7 55. Rxf2 Qxf2+ 56. Kh2 Qh4+ 57. Kg1 Qe7 58. Qb8 f3 59. Qb1+
Rf5 60. Ra6+ Kg5 61. gxf3 Qe5 62. Kg2 Qd5 63. Qf1 Qd2+ 64. Kh1 Qf2 65. f4+ Kh4
66. Rxh6+ Rh5 67. Rxh5+ Kxh5 68. Qd1+ Kh4 69. Qd8+ Kh3 70. Qd7+ Kg3 71. Qxg7+
Kf3 72. Qb7+ Ke2 73. Qb5+ Kd1 74. Qb1+ Ke2 75. Qb2+ Kd3 76. Qb3+ Ke4 77. Qb7+
$11 Kd4 78. Qb6+ Kc4 79. Qa6+ Kb3 80. Qb5+ Kc2 81. Qa4+ Kb2 82. Qd4+ Kc2 83.
Qa4+ Kb1 84. Qb3+ Kc1 85. Qa3+ Kd1 1/2-1/2

[Event "18 th Iranian Men Chess Championship"]
[Site "?"]
[Date "2008.02.23"]
[Round "5"]
[White "GhaemMaghami, Ehsan"]
[Black "Ghorbani, Mohsen"]
[Result "1-0"]
[WhiteElo "2589"]
[BlackElo "2347"]
[PlyCount "99"]
[EventDate "2008.??.??"]

1. e4 c6 2. d4 d6 3. c4 e5 4. Nf3 Nd7 5. Nc3 Ngf6 6. Be2 Be7 7. O-O O-O 8. Re1
Re8 9. Bf1 Bf8 10. d5 h6 11. Rb1 c5 12. a3 b6 13. b4 cxb4 14. axb4 a5 15. Ra1
Bb7 16. bxa5 bxa5 17. Ba3 Qc8 18. Na4 Qc7 19. Rc1 Reb8 20. Rc3 Bc8 21. Qc2 Rb4
22. c5 dxc5 23. Nd2 Qb8 24. Rc1 g6 25. Bxb4 axb4 26. Rf3 h5 27. Rd1 Ba6 28. Nc4
Bb5 29. Nab2 Ra2 30. Qb3 Ra7 31. Re1 Kg7 32. g3 Ne8 33. d6 f6 34. Rd1 Bc6 35.
Qd3 Qa8 36. Re3 Ra2 37. Bh3 Ra6 38. f4 Qa7 39. fxe5 fxe5 40. Bxd7 Bxd7 41. Qd5
Ra1 42. Rf3 Rxd1+ 43. Nxd1 Bg4 44. Qxe5+ Kg8 45. Qxe8 Bxf3 46. d7 Qa2 47. Qxg6+
Kh8 48. Qf6+ Kg8 49. Qxf3 Be7 50. Qd3 1-0

[Event "18 th Iranian Men Chess Championship"]
[Site "?"]
[Date "2008.02.23"]
[Round "5"]
[White "Vaghar, Mohsen"]
[Black "Ahmadinia, Ebrahim"]
[Result "1-0"]
[WhiteElo "2237"]
[BlackElo "2227"]
[PlyCount "117"]
[EventDate "2008.??.??"]

1. e4 d5 2. exd5 Nf6 3. d4 Bg4 4. Be2 Bxe2 5. Qxe2 Qxd5 6. Nf3 e6 7. c4 Bb4+ 8.
Bd2 Qd6 9. O-O Bxd2 10. Nbxd2 O-O 11. Ne4 Qf4 12. Nxf6+ Qxf6 13. Qe4 c6 14.
Rad1 Nd7 15. Rd3 Rfd8 16. Rfd1 Qe7 17. h4 Nf6 18. Qe2 Rd6 19. Ne5 Rad8 20. g3
Nd7 21. a3 f6 22. c5 Rd5 23. Nc4 Nf8 24. b4 Ng6 25. Nd6 Qd7 26. Re1 Nf8 27. Qf3
Ra8 28. Re4 a5 29. Nc4 Ra6 30. bxa5 f5 31. Rf4 Qf7 32. Ne5 Qe7 33. g4 Ng6 34.
Nxg6 hxg6 35. gxf5 gxf5 36. Qh5 Rxa5 37. Re3 Qf7 38. Qe2 Ra4 39. Qb2 e5 40.
Rff3 exd4 41. Rb3 d3 42. Rbxd3 Rg4+ 43. Kf1 Rxh4 44. Qb3 Rh1+ 45. Ke2 Rh5 46.
Rxd5 $11 cxd5 47. Rf4 Kh7 48. Rb4 f4 49. Rxb7 Re5+ 50. Kd2 Qg6 51. Qh3+ Rh5 52.
Qd3 d4 $11 53. c6 Rc5 54. c7 Rc3 55. Qxg6+ Kxg6 56. a4 Kf6 57. a5 Ke6 58. a6
Kd7 59. a7 1-0

[Event "18 th Iranian Men Chess Championship"]
[Site "?"]
[Date "2008.02.23"]
[Round "5"]
[White "Sadeh, Shahin"]
[Black "Mousavian, S.Hamed"]
[Result "0-1"]
[WhiteElo "2200"]
[BlackElo "2349"]
[PlyCount "124"]
[EventDate "2008.??.??"]

1. e4 e6 2. f4 d5 3. Nc3 c5 4. Nf3 Nc6 5. Bb5 Nf6 6. e5 Ng8 7. f5 exf5 8. d4
Be6 9. O-O h6 10. dxc5 Bxc5+ 11. Kh1 a6 12. Bxc6+ bxc6 13. Na4 Ba7 14. Qd3 Ne7
15. b4 O-O 16. Be3 a5 17. a3 Ng6 18. Bxa7 Rxa7 19. Qc3 Qc7 20. Nc5 Rfa8 21.
Rae1 axb4 22. axb4 Ra3 23. Nb3 Qb6 24. Nfd4 Ne7 25. Qd2 R3a4 26. c3 Ra2 27. Qe3
Ng6 28. Nc5 f4 29. Qd3 Nh4 30. Ncxe6 fxe6 31. Nxe6 Nxg2 32. Rg1 Re8 33. Qg6 Re7
34. Rxg2 Rxg2 35. Kxg2 f3+ 36. Kh1 f2 37. Ra1 Qa6 38. Qb1 f1=Q+ 39. Qxf1 Qxf1+
40. Rxf1 Rxe6 41. Re1 Rg6 42. Ra1 Rg4 43. Ra7 $11 Rc4 44. e6 $11 Kf8 45. Rf7+
Ke8 46. Rxg7 Rxc3 47. Kg2 Re3 48. Rg6 Ke7 49. Rxh6 Re4 50. Rh7+ Kxe6 51. Rb7
Re3 52. h4 d4 53. Kf2 Rh3 54. Ke2 Kd5 55. b5 c5 56. b6 Rxh4 57. Rc7 Rh2+ 58.
Kd1 Rb2 59. b7 Kd6 60. Rh7 Kc6 61. Rh6+ Kxb7 62. Kc1 Rb6 0-1

[Event "18 th Iranian Men Chess Championship"]
[Site "?"]
[Date "2008.02.23"]
[Round "5"]
[White "Mohammadi, Hamidreza"]
[Black "Sharbaf, Mohsen"]
[Result "0-1"]
[WhiteElo "2307"]
[BlackElo "2407"]
[PlyCount "56"]
[EventDate "2008.??.??"]

1. e4 c5 2. Nc3 e6 3. Nf3 Nc6 4. Bb5 Qb6 5. O-O Nge7 6. Re1 a6 7. Bxc6 Nxc6 8.
d3 Be7 9. Nd5 exd5 10. exd5 Nd4 11. Nxd4 cxd4 12. Bg5 f6 13. Qh5+ Kd8 14. Qf7
fxg5 15. Qxe7+ Kc7 16. Re6 Qxb2 17. Qd6+ Kd8 18. Rae1 a5 19. Re7 Ra6 20. Qe5
Qb6 21. Qxg5 Qf6 22. Qg3 g6 23. R7e4 Rf8 24. f3 Rd6 25. Re5 Rb6 26. Qg4 d6 27.
Re6 Bxe6 28. dxe6 Ke7 0-1

[Event "18 th Iranian Men Chess Championship"]
[Site "?"]
[Date "2008.02.23"]
[Round "5"]
[White "Doostkam, Pooyan"]
[Black "Momeni, Ebrahim"]
[Result "1/2-1/2"]
[WhiteElo "2241"]
[BlackElo "2263"]
[PlyCount "113"]
[EventDate "2008.??.??"]

1. d4 Nf6 2. c4 e6 3. Nc3 Bb4 4. Qc2 c5 5. dxc5 Bxc5 6. Nf3 O-O 7. Bf4 a6 8.
Rd1 Nc6 9. e3 Qe7 10. a3 Nh5 11. Bg5 f6 12. Bh4 g5 13. Bg3 g4 14. Nd2 f5 15. b4
Nxg3 16. hxg3 Bd6 17. c5 Bc7 18. Nc4 Ne5 19. Nd6 b5 20. Qd2 Bxd6 21. cxd6 Qf6
22. a4 bxa4 23. Nxa4 Bb7 24. Nc5 Bc6 25. Rh2 Rfb8 26. Be2 Rb6 27. Qd4 Rab8 28.
Nxa6 R8b7 29. Rb1 Be4 30. Rb2 Rc6 31. Nc5 Rxc5 32. Qxc5 Nc4 33. Qxc4 Qxb2 34.
f3 Bc6 35. Rh5 gxf3 36. Rg5+ Kf8 37. gxf3 Qxb4+ 38. Qxb4 Rxb4 39. g4 fxg4 40.
Rxg4 Rxg4 41. fxg4 Kf7 42. g5 Kg6 43. Bd3+ Kxg5 44. Bxh7 Kf6 45. Kd2 Ke5 46.
Bc2 Kxd6 47. Bd3 Ke5 48. Bc2 Be4 49. Ba4 d5 50. Bd7 Kd6 51. Bc8 e5 52. Ba6 Kc5
53. Bf1 d4 54. exd4+ Kxd4 55. Be2 Bg2 56. Bd3 e4 57. Bxe4 1/2-1/2

[Event "18 th Iranian Men Chess Championship"]
[Site "?"]
[Date "2008.02.23"]
[Round "5"]
[White "Golizadeh, Asghar"]
[Black "Dalir, Faradj"]
[Result "1-0"]
[WhiteElo "2296"]
[BlackElo "2200"]
[PlyCount "115"]
[EventDate "2008.??.??"]

1. e4 e6 2. d4 d5 3. Nc3 Bb4 4. e5 c5 5. a3 Bxc3+ 6. bxc3 Qa5 7. Bd2 Qa4 8. Nf3
Ne7 9. Bd3 Nd7 10. O-O b6 11. Ng5 h6 12. Qh5 g6 13. Qh3 c4 14. Be2 Qxc2 15. Nf3
Qf5 16. g4 Qe4 17. Bd1 h5 18. Ne1 g5 19. Bxg5 Qh7 20. gxh5 Nf5 21. Kh1 Ng7 22.
h6 Nf5 23. Bc2 Nf8 24. Rc1 Ng6 25. Bxf5 exf5 26. f4 Ne7 27. Qh4 Ng8 28. Rf3 b5
29. Nc2 Rb8 30. Rg1 Rb6 31. Rh3 Rg6 32. Rgg3 Be6 33. Kg1 Kd7 34. Kf2 a5 35. Ne3
Ne7 36. Bxe7 Rxh6 37. Qxh6 Qxh6 38. Rxh6 Rxh6 39. Bc5 Rxh2+ 40. Rg2 Rh4 41. Kg3
Rh1 42. Bb6 b4 43. cxb4 axb4 44. axb4 Kc6 45. Bc5 Re1 46. Kf3 Ra1 47. Nc2 Rc1
48. Ke3 Kb5 49. Rf2 Rd1 50. Ke2 Rh1 51. Rf3 f6 52. Ra3 c3 53. Ne3 fxe5 54. dxe5
Rh4 55. Ra5+ Kc6 56. Ra6+ Kd7 57. Rd6+ Ke7 58. Nxf5+ 1-0

[Event "18 th Iranian Men Chess Championship"]
[Site "?"]
[Date "2008.02.23"]
[Round "5"]
[White "Roghani, Arash"]
[Black "Salehian, Sina"]
[Result "1-0"]
[WhiteElo "2362"]
[BlackElo "2101"]
[PlyCount "153"]
[EventDate "2008.??.??"]

1. d4 Nf6 2. c4 d6 3. Nf3 Nbd7 4. Nc3 e5 5. e4 c6 6. Be2 Be7 7. O-O O-O 8. Re1
a6 9. Bf1 b5 10. a3 Qc7 11. Bg5 Re8 12. Rc1 Qb8 13. b4 Bf8 14. h3 Bb7 15. d5
cxd5 16. cxd5 Be7 17. Nd2 Rc8 18. Be3 Bd8 19. a4 bxa4 20. Nxa4 Rxc1 21. Qxc1
Bc7 22. Qc4 Qd8 23. Rc1 Rc8 24. Qd3 Ne8 25. Nc4 Qe7 26. Na5 Bxa5 27. Rxc8 Bc7
28. Rxc7 Nxc7 29. Nc3 Qd8 30. Be2 Qb8 31. Qc4 Ba8 32. Bg4 Nf6 33. Bd1 Nb5 34.
Nxb5 axb5 35. Qc2 Kf8 36. Be2 Ne8 37. Qa2 f5 38. f3 fxe4 39. fxe4 Nf6 40. Bd3
Bb7 41. Qa5 Qc8 42. Qxb5 Qc3 43. Bf2 Bc8 44. Bf1 Bd7 45. Qb8+ Ke7 46. Bb6 Qe1
47. b5 Qxe4 48. Bd8+ Kf7 49. Qa7 Ke8 50. Bxf6 gxf6 51. b6 Qe3+ 52. Kh1 Qf2 53.
Qa6 Kd8 54. b7 Kc7 55. b8=Q+ Kxb8 56. Qxd6+ Ka8 57. Qa6+ Kb8 58. Qd6+ Ka8 59.
Qa6+ Kb8 60. d6 Qc5 61. Qd3 f5 62. Qb3+ Ka7 63. Qf7 Qc6 64. Qxh7 Kb6 65. Qe7 e4
66. h4 f4 67. h5 f3 68. h6 fxg2+ 69. Kxg2 Qc2+ 70. Kh1 Qc1 71. Qf6 e3 72. h7
Bc6+ 73. Kg1 Qc5 74. h8=Q e2+ 75. Qf2 e1=Q 76. Qhb2+ Bb5 77. Qxb5+ 1-0

[Event "18 th Iranian Men Chess Championship"]
[Site "?"]
[Date "2008.02.21"]
[Round "6"]
[White "Moosavian, S.Hamed"]
[Black "Doostkam, Pooyan"]
[Result "1-0"]
[WhiteElo "2349"]
[BlackElo "2241"]
[PlyCount "40"]
[EventDate "2008.??.??"]

1. e4 d5 2. exd5 Qxd5 3. Nc3 Qa5 4. d4 Nf6 5. Nf3 Ne4 6. Bd3 Nxc3 7. Qd2 g6 8.
bxc3 Bg7 9. O-O O-O 10. Re1 Nc6 11. Rb1 a6 12. Qf4 Qxa2 13. Bd2 Qd5 14. Qxc7
Qd8 15. Qg3 b5 16. h4 Bb7 17. h5 b4 18. hxg6 hxg6 19. Ng5 Qd7 20. Qh4 Rfe8 1-0

[Event "18 th Iranian Men Chess Championship"]
[Site "?"]
[Date "2008.02.21"]
[Round "6"]
[White "Shaarbaf, Mohsen"]
[Black "Ghaem Maghami, Ehsan"]
[Result "1/2-1/2"]
[WhiteElo "2407"]
[BlackElo "2589"]
[PlyCount "102"]
[EventDate "2008.??.??"]

1. d4 Nf6 2. Nc3 d5 3. Nf3 g6 4. Bf4 Bg7 5. Qd2 O-O 6. O-O-O c6 7. Ne5 Nbd7 $11
8. h4 Nxe5 9. Bxe5 b5 10. f3 Qa5 11. g4 b4 12. Nb1 Qxa2 $11 13. Qxb4 Nd7 14.
Bxg7 Rb8 15. Qxb8 Nxb8 16. Bxf8 Kxf8 17. e3 Qa5 18. Be2 c5 19. dxc5 Qxc5 20.
Rd3 Nc6 21. Rc3 Qb6 22. Rd1 Be6 23. Na3 d4 24. exd4 Nxd4 25. Bf1 Qd6 26. Kb1
Qf4 27. Bc4 h5 28. gxh5 gxh5 29. Rcd3 Nxf3 30. Rf1 Bg4 31. Ka1 e5 32. Rb3 e4
33. Rb7 e3 34. Rxa7 Bh3 35. Rh1 Be6 36. Be2 Nd2 37. Ra8+ Kg7 38. Bxh5 Qf2 39.
Rd8 e2 40. Rxd2 e1=Q+ 41. Rxe1 Qxe1+ 42. Rd1 Qxh4 43. Be2 f5 44. Bf1 Qb4 45.
Bd3 f4 46. Rf1 f3 47. Rxf3 Qe1+ 48. Nb1 Qa5+ 49. Na3 Qe1+ 50. Nb1 Qa5+ 51. Na3
Qe1+ 1/2-1/2

[Event "18 th Iranian Men Chess Championship"]
[Site "?"]
[Date "2008.02.21"]
[Round "6"]
[White "Ghorbani, Mohsen"]
[Black "Vaghar, Mohsen"]
[Result "1/2-1/2"]
[WhiteElo "2347"]
[BlackElo "2237"]
[PlyCount "109"]
[EventDate "2008.??.??"]

1. d4 Nf6 2. Nf3 d5 3. c4 e6 4. g3 dxc4 5. Qc2 c5 6. dxc5 Bxc5 7. Bg2 O-O 8.
O-O Qe7 9. Nc3 h6 10. Ne5 Nc6 11. Nxc6 bxc6 12. Bxc6 Bb7 13. Bxb7 Qxb7 14. Na4
Rac8 15. Nxc5 Rxc5 16. Be3 Rb5 17. Qxc4 Rxb2 18. Bd4 Rb4 19. Qc5 Rd8 20. Bxf6
gxf6 21. Qe3 Kg7 22. Rfd1 Rxd1+ 23. Rxd1 Rb1 24. Qd3 Rxd1+ $11 25. Qxd1 Qb4 26.
Qc2 a5 27. a4 f5 28. e3 Kf6 29. h3 h5 30. Qd1 Kg6 31. h4 Qe4 32. Kh2 Qc4 33.
Kg2 Qc6+ 34. Kg1 f6 35. Qb3 Qc1+ 36. Kg2 Qc6+ 37. Kf1 Kf7 38. Ke2 Qe4 39. Qb5
Qc2+ 40. Kf1 Qc1+ 41. Kg2 Qc7 42. e4 Kg7 43. exf5 exf5 44. Qxf5 Qc6+ 45. Kh2
Qxa4 46. Qxh5 Qd4 47. Qf5 a4 48. h5 a3 49. Qg6+ Kf8 50. Qc2 Qb2 51. Qc8+ Kg7
52. Qd7+ Kh6 53. Qf5 Kg7 54. Qd7+ Kh6 55. Qf5 1/2-1/2

[Event "18 th Iranian Men Chess Championship"]
[Site "?"]
[Date "2008.02.22"]
[Round "7"]
[White "Ghaemmaghami, Ehsan"]
[Black "Dalir, Faraj"]
[Result "1-0"]
[WhiteElo "2589"]
[BlackElo "2200"]
[PlyCount "57"]
[EventDate "2008.??.??"]

1. c4 Nf6 2. Nc3 e6 3. e4 d5 4. e5 d4 5. exf6 dxc3 6. bxc3 Qxf6 7. Nf3 e5 8. d4
exd4 9. Bg5 Qe6+ 10. Be2 Bd6 11. cxd4 O-O 12. O-O b6 13. Bd3 Bb7 14. Re1 Qg4
15. d5 g6 16. Qd2 Qc8 17. Bf6 Nd7 18. Bf5 Nxf6 19. Bxc8 Bxc8 20. Qc3 Nd7 21.
Nd4 Ba6 22. Nc6 h6 23. Qh3 Nf6 24. Qxh6 Ng4 25. Qh4 Nxh2 26. Ne7+ Kg7 27. Nf5+
gxf5 28. Qg5+ Kh8 29. Re3 1-0

[Event "18 th Iranian Men Chess Championship"]
[Site "?"]
[Date "2008.02.22"]
[Round "7"]
[White "Momeni, Ebrahim"]
[Black "Mousavian, S.Hamed"]
[Result "1-0"]
[WhiteElo "2263"]
[BlackElo "2349"]
[PlyCount "69"]
[EventDate "2008.??.??"]

1. c4 e5 2. Nc3 Nc6 3. g3 d6 4. Bg2 g6 5. e3 Bg7 6. Nge2 Be6 7. Nd5 Qd7 8. O-O
Nd8 9. e4 c6 10. Ne3 Bh3 11. f4 Bxg2 12. Kxg2 h5 13. f5 Nf6 14. Nc3 c5 15. Ncd5
Nxd5 16. Nxd5 Nc6 17. d3 gxf5 18. Rxf5 Nd4 19. Rg5 f6 20. Rxh5 O-O-O 21. h4 f5
22. exf5 Rhf8 23. Qg4 Nc2 24. Rb1 Ne1+ $11 25. Kg1 e4 26. dxe4 Nd3 27. Qe2 Qe8
28. Rh7 Bd4+ 29. Kg2 Nf2 30. Re7 Qa4 31. b3 Qa5 32. a4 Rg8 33. Bd2 Qa6 34. Bg5
Kb8 35. Rf7 1-0

[Event "18 th Iranian Men Chess Championship"]
[Site "?"]
[Date "2008.02.22"]
[Round "7"]
[White "Vaghar, Mohsen"]
[Black "Sharbaf, Mohsen"]
[Result "0-1"]
[WhiteElo "2237"]
[BlackElo "2407"]
[PlyCount "106"]
[EventDate "2008.??.??"]

1. Nf3 Nc6 2. e4 d5 3. exd5 Qxd5 4. Nc3 Qa5 5. h3 e5 6. Bc4 Nf6 7. d3 Bf5 8.
O-O Bg6 9. Nb5 O-O-O 10. c3 e4 11. b4 Nxb4 12. cxb4 Bxb4 13. Bf4 Nd5 14. a3 Bc3
15. Rc1 Nxf4 16. Rxc3 a6 17. Rb3 axb5 18. Rxb5 Qc3 19. Qa4 exf3 20. Rxb7 Ne2+
21. Kh2 Qe5+ 22. g3 Nc3 23. Qc6 Qd6 24. Qxf3 Bxd3 25. Rc1 Qf6 26. Qxf6 gxf6 27.
Bxd3 Kxb7 28. Rxc3 c5 29. a4 Rd4 30. Bc4 Kb6 31. Kg2 f5 32. Bxf7 Rxa4 33. Bc4
Rd8 34. Kf3 f4 35. g4 Rd4 36. Bd3 h6 37. h4 c4 38. Be4 Kc5 39. g5 hxg5 40. hxg5
Ra2 41. g6 Rdd2 42. Kxf4 Rxf2+ 43. Ke5 $11 Ra7 44. Bf5 Kb4 45. Rg3 Ra5+ 46. Kd4
Rfxf5 47. g7 Rad5+ 48. Ke4 Rfe5+ 49. Kf4 Re8 50. g8=Q Rxg8 51. Rxg8 c3 52. Ke3
c2 53. Rb8+ Ka3 0-1

[Event "18 th Iranian Men Chess Championship"]
[Site "?"]
[Date "2008.02.22"]
[Round "7"]
[White "Mohammadi, Hamidreza"]
[Black "Roghani, Arash"]
[Result "1/2-1/2"]
[WhiteElo "2307"]
[BlackElo "2362"]
[PlyCount "82"]
[EventDate "2008.??.??"]

1. e4 e6 2. d4 d5 3. Nc3 Bb4 4. e5 c5 5. Bd2 Ne7 6. Nb5 Bxd2+ 7. Qxd2 O-O 8.
dxc5 Nd7 9. f4 Nxc5 10. Nd4 Qb6 11. O-O-O Bd7 12. Ngf3 Rfc8 13. Bd3 Rc7 14. g4
Rac8 15. Kb1 Na4 16. Nb3 Bb5 17. Nfd4 Bxd3 18. Qxd3 Nc6 19. c3 Nxd4 20. Qxd4
Qa6 21. Qf2 b5 22. Rd4 Rc4 23. Rhd1 Qb6 24. f5 Rxc3 25. fxe6 fxe6 26. Rf1 R3c7
27. g5 Qc6 28. Rf4 Qc2+ 29. Qxc2 Rxc2 30. Nd4 Rxb2+ 31. Ka1 Rb4 32. Nxe6 Rxf4
33. Nxf4 Re8 34. e6 Nc5 35. Re1 Kf8 36. Re5 Ke7 37. Rxd5 Nxe6 38. Nxe6 Kxe6 39.
Rxb5 Kf7 40. Ra5 Re7 41. Ra6 Rb7 1/2-1/2

[Event "18 th Iranian Men Chess Championship"]
[Site "?"]
[Date "2008.02.22"]
[Round "7"]
[White "Golizadeh, Asghar"]
[Black "Salehian, Sina"]
[Result "1-0"]
[WhiteElo "2296"]
[BlackElo "2101"]
[PlyCount "93"]
[EventDate "2008.??.??"]

1. e4 d6 2. Nc3 Nf6 3. f4 e5 4. Nf3 Nc6 5. h3 Be7 6. Bc4 O-O 7. d3 exf4 8. Bxf4
Be6 9. O-O Qd7 10. Bb3 d5 11. e5 Nh5 12. Bh2 f5 13. exf6 Bxf6 14. Qd2 g6 15.
Ng5 Ne7 16. Rae1 Bd4+ 17. Kh1 Rxf1+ 18. Rxf1 a6 19. g4 Ng7 20. Qf4 c5 21. Nf3
Nc6 22. Na4 Qe7 23. Nxd4 Nxd4 24. Nxc5 Qxc5 25. Bg1 Nxb3 26. Bxc5 Nxc5 27. Qd6
Rc8 28. Re1 b6 29. b4 Nb7 30. Qe7 Nd8 31. b5 d4 32. Re2 Bd5+ 33. Kh2 Nde6 34.
Rf2 h6 35. Qa7 Re8 36. Qxb6 Ng5 37. h4 Nf3+ 38. Kg3 Re3 39. Qd8+ Kh7 40. Qxd5
Nxh4+ 41. Kh2 Ne6 42. Qd7+ Kg8 43. Qe8+ Kh7 44. Qe7+ Ng7 45. Qxh4 g5 46. Qg3
Rxg3 47. Kxg3 1-0

[Event "18 th Iranian Men Chess Championship"]
[Site "?"]
[Date "2008.02.22"]
[Round "8"]
[White "Roghani, Arash"]
[Black "Ghaem Maghami, Ehsan"]
[Result "0-1"]
[WhiteElo "2362"]
[BlackElo "2589"]
[PlyCount "80"]
[EventDate "2008.??.??"]

1. Nf3 Nf6 2. c4 e6 3. g3 d5 4. Bg2 dxc4 5. Qa4+ c6 6. Qxc4 b5 7. Qc2 Bb7 8.
O-O Nbd7 9. Nc3 a6 10. a4 Rc8 11. Rd1 Qb6 12. b3 Be7 13. Bb2 O-O 14. d3 Rfd8
15. e3 h6 16. Qe2 Nc5 17. Qc2 Ncd7 18. Qe2 a5 19. Nd4 Ba6 20. Rac1 Nc5 21. Qc2
b4 22. Ne4 Ncxe4 23. dxe4 c5 24. Nb5 Rxd1+ 25. Rxd1 Bxb5 26. axb5 Qxb5 27. Bf1
Qc6 28. Bxf6 Bxf6 29. Qa2 a4 30. bxa4 c4 31. Rc1 b3 32. Qb1 Qxa4 33. e5 Bxe5
34. Qe4 b2 35. Rb1 Qb5 36. h4 h5 37. Be2 g6 38. Bd1 Qd5 39. Qc2 Qd3 40. Kg2 Ra8
0-1

[Event "18 th Iranian Men Chess Championship"]
[Site "?"]
[Date "2008.02.22"]
[Round "8"]
[White "Ahmadinia, Ebrahim"]
[Black "Momeni, Ebrahim"]
[Result "1-0"]
[WhiteElo "2247"]
[BlackElo "2263"]
[PlyCount "75"]
[EventDate "2008.??.??"]

1. d4 d5 2. Nf3 Nf6 3. e3 c6 4. Bd3 Bg4 5. c4 e6 6. Qb3 Bxf3 7. gxf3 dxc4 $11
8. Bxc4 Qc7 9. Nc3 Nbd7 10. Bd2 Be7 11. Rc1 O-O 12. Ne4 a5 13. a4 Nb6 14. Bd3
Rfd8 15. f4 Nxe4 16. Bxe4 Nd5 17. O-O f5 18. Bf3 Rab8 19. Qc2 Ra8 20. Kh1 Qd7
21. Rg1 g6 22. Rg3 Kf7 23. Rcg1 Rg8 24. Qd1 Nf6 25. Rh3 h5 26. Rhg3 Ng4 27.
R3g2 Bh4 28. Qe1 Qd8 29. Bc3 Be7 30. e4 Bd6 31. Bd2 Bc7 32. d5 exd5 33. exd5
cxd5 34. Qd1 Bb6 35. Be1 Nf6 36. Bc3 Ne4 37. Bxe4 fxe4 38. Rxg6 1-0

[Event "18 th Iranian Men Chess Championship"]
[Site "?"]
[Date "2008.02.22"]
[Round "8"]
[White "Ghorbani, Mohsen"]
[Black "Doostkam, Pooyan"]
[Result "1-0"]
[WhiteElo "2347"]
[BlackElo "2237"]
[PlyCount "99"]
[EventDate "2008.??.??"]

1. d4 d5 2. c4 c6 3. Nf3 e6 4. e3 Nf6 5. Bd3 a6 6. b3 b5 7. Nbd2 Nbd7 8. O-O
Bd6 9. e4 dxc4 10. bxc4 e5 11. Bb2 Qe7 12. cxb5 cxb5 13. a4 O-O 14. axb5 exd4
15. Nc4 Bc5 16. Nxd4 Ne5 17. Nc6 Nxc6 18. bxc6 Nxe4 19. Ra5 Rd8 20. Ne5 Rd5 21.
Qe1 Nf6 22. Bc3 Bd6 23. Rxd5 Nxd5 24. Qe4 Nf6 25. Qd4 Be6 26. Re1 Qc7 27. Qh4
h6 28. h3 Rd8 29. Bxa6 Nd5 30. Bd4 Nb4 31. Rb1 Nxa6 32. Bb6 Rb8 33. Bxc7 Rxb1+
34. Kh2 Bxc7 35. f4 f6 36. Ng6 Rb4 37. Qh5 Bf7 38. g3 Bb6 39. Qf5 Rb2+ 40. Kh1
Rd2 41. Ne7+ Kf8 42. Ng6+ Bxg6 43. Qxg6 Rd6 44. Qe4 Nc7 45. Qb4 Ke7 46. Qxb6
Rd1+ 47. Kg2 Rd2+ 48. Kf3 Nd5 49. Qc5+ Ke6 50. c7 1-0

[Event "18 th Iranian Men Chess Championship"]
[Site "?"]
[Date "2008.02.22"]
[Round "8"]
[White "Sharbaf, Mohsen"]
[Black "Sadeh, Shahin"]
[Result "1-0"]
[WhiteElo "2407"]
[BlackElo "2200"]
[PlyCount "135"]
[EventDate "2008.??.??"]

1. Nc3 d5 2. d4 Nf6 3. Nf3 c6 4. Bf4 Qb6 5. Rb1 Na6 6. e3 g6 7. Be2 Nc7 8. b4
Ne6 9. Be5 Bg7 10. O-O O-O 11. Bd3 Bd7 12. Qc1 Rfc8 13. Re1 Qd8 14. e4 Be8 15.
a4 Nh5 16. Bxg7 Kxg7 17. e5 Kg8 18. a5 Bd7 19. Qh6 Qf8 20. Qd2 Nhf4 21. Na4 Qh6
22. Kh1 Qh5 23. Bf1 g5 24. Ng1 Kh8 25. Nc5 Nxc5 26. bxc5 Rab8 27. Ne2 Rg8 28.
Rb3 Nxe2 29. Bxe2 Qh4 30. g3 Qh3 31. g4 Qh4 32. Rg3 Rg6 33. Qe3 Rh6 34. h3 Re8
35. Qf3 Rf8 36. Bd3 a6 37. c3 Bc8 $11 38. Re3 e6 39. Qg2 f5 40. exf6 Rhxf6 41.
Rgf3 Qh6 42. Qg3 Rf4 43. Qg2 R8f6 44. Rxf4 Rxf4 45. Kg1 Qf6 46. Qg3 h6 47. Kg2
Bd7 48. Re2 Kg8 49. Qe3 Bc8 50. Bb1 Kf8 51. Qd3 Qg7 52. Kg3 Qf6 53. Bc2 Bd7 54.
Qe3 Bc8 55. f3 Bd7 56. Bd3 Kg7 57. Rb2 Bc8 58. Rh2 Kf8 59. h4 Bd7 60. hxg5 hxg5
61. Rh7 Be8 62. Rxb7 Qh6 63. Kg2 Bf7 64. Rb8+ Kg7 65. Qe5+ Rf6 66. Rb1 Kf8 67.
Qd6+ Kg7 68. Rh1 1-0

[Event "18 th Iranian Men Chess Championship"]
[Site "?"]
[Date "2008.02.22"]
[Round "8"]
[White "Golizadeh, Asghar"]
[Black "Mohammadi, Hamidreza"]
[Result "1-0"]
[WhiteElo "2296"]
[BlackElo "2308"]
[PlyCount "157"]
[EventDate "2008.??.??"]

1. e4 c5 2. Nf3 d6 3. d4 cxd4 4. Nxd4 Nf6 5. Nc3 e6 6. f4 a6 7. Qf3 Qb6 8. Nb3
Qc7 9. Be3 b5 10. Bd3 Bb7 11. O-O b4 12. Ne2 Nbd7 13. c4 h5 14. h3 h4 15. Bf2
Be7 16. Ned4 Nc5 17. Nxc5 dxc5 18. Nb3 a5 19. Qe3 Rc8 20. Nd2 Rd8 21. Nf3 Rxd3
22. Qxd3 Qxf4 23. e5 Ne4 24. a3 Ng5 25. Be3 Nxh3+ 26. Kh1 Qg3 27. Qd2 Ng5 28.
Bxg5 h3 29. Kg1 hxg2 30. Qxg2 Qxg2+ 31. Kxg2 Bxg5 32. axb4 axb4 33. Ra7 Be4 34.
Kg3 Be7 35. Re1 Bxf3 36. Kxf3 Bd8 37. Rd1 O-O 38. Rdd7 Bg5 39. Rdc7 Bh6 40.
Rxc5 f6 41. exf6 Rxf6+ 42. Ke2 Rg6 43. Kf3 Rf6+ 44. Kg2 Rg6+ 45. Kf1 Rg3 46.
Re5 Rg4 47. Rc7 Rf4+ 48. Ke1 Rh4 49. Re2 Rh1+ 50. Kf2 Rb1 51. Rxe6 Bg5 52. Re2
Bf6 53. Ke3 b3 54. Kd3 Rd1+ 55. Rd2 Rg1 56. c5 Bg5 57. Re2 Rc1 58. c6 Bf6 59.
Ke4 Rc2 60. Re3 Bxb2 61. Rxb3 Bf6 62. Kd5 Rd2+ 63. Kc5 Kh7 64. Rd7 Rc2+ 65. Kb5
Kg6 66. c7 Be5 67. Kb6 Bxc7+ 68. Rxc7 Rxc7 69. Kxc7 Kf5 70. Kd6 g5 71. Kd5 Kf4
72. Kd4 g4 73. Kd3 Kf3 74. Rb8 g3 75. Rf8+ Kg2 76. Ke2 Kh1 77. Rh8+ Kg1 78. Kf3
g2 79. Rg8 1-0